000 00239nam a2200097Ia 4500
008 240625s9999 xx 000 0 und d
041 _aeng
082 _a808.20 HEN
100 _aHENDRICKSON
245 _aGUIDE TO THE ESSENTIALS WORLD RELIGIONS
999 _c35203
_d35203